000 00833nas a2200277 4500
001 BR9502627
003 BR-BrBNA
005 20231205094335.0
007 ta
008 230509b bl.|||p| |||| 00| 00por d
040 _aBR-BrBNA
_bpor
_cBiblioteca Nacional de Agricultura
041 _a(Pt)
072 _aF30
100 1 _aAmorim Neto, S.
100 1 _aAndrade, W.E. de B.
100 1 _aFernandes, G.M.B.
100 1 _aOliveira, L.A.A. de
245 1 _aA pesquisa com a cultura do arroz na regiao das baixadas litoraneas, RJ
650 _aArroz
650 _aVariedade
650 _aCaracteristicas Agronomicas
650 _aRio de Janeiro
773 0 _tLavoura Arrozeira (Brazil)
_xISSN 0023-9143
_g(Nov-Dec 1994), v. 47(417) p. 10-17
_wBR9502627
909 _a202311
_bLúcia
_c55
_dLúcia Elande
942 _2AGRIS
_n0
_cANA
999 _c143682
_d143682